| 000 | 00461nam a2200145Ia 4500 | ||
|---|---|---|---|
| 008 | 240729s9999 xx 000 0 und d | ||
| 022 | _a2161-3974 | ||
| 245 | 0 | _aJournal of eScience Librarianship | |
| 260 | _aUnited States | ||
| 260 | _bUMass Chan Medical School, Lamar Soutter Library | ||
| 650 | _aBibliography. Library science. Information resources | ||
| 856 | _uhttps://doaj.org/toc/e6c3908bbb2e41f69c7376a996e7dd24 | ||
| 942 | _2ddc | ||
| 942 | _cDOAJEJ | ||
| 999 |
_c73271 _d73271 |
||
| 945 |
_a1 _bMadushi Gamage _c1 _dMadushi Gamage |
||